000 00691cam a22002172 4500
001 0000019112
005 20151217145910.0
008 100921s xx 000 0 eng d
020 _a0198765745 :
040 _aKABU
_cKABU
100 1 _aMontgomery, Jonathan.
_@0000178749
245 1 0 _aHealth care law /
_cJonathan Montgomery.
250 _a2nd ed.
260 _aOxford :
_bO. U. P.,
_c2003.
300 _axlviii, 515 p.
650 0 _aMedical law and legilation
_zGreat Britain.
_@0000178750
650 0 _aMedical care
_xLaw and legislation.
_zGreat Britain.
_@0000178751
852 1 _9P7020 KES
908 _a100921
950 _@1
999 _c3869
_d3869